Orioles WAR Leaders by Year - Statistics

General Stats
  • This quiz has been taken 72 times
  • The average score is 33 of 55
Answer Stats
Year WAR Position Answer % Correct
1991 11.5 SS Cal Ripken Jr.
93%
1990 7.5 SS Cal Ripken Jr.
93%
1989 6.7 SS Cal Ripken Jr.
93%
1988 5.7 SS Cal Ripken Jr.
93%
1986 6.7 SS Cal Ripken Jr.
93%
1984 10.0 SS Cal Ripken Jr.
93%
1983 8.2 SS Cal Ripken Jr.
93%
2013 7.1 1B Chris Davis
91%
2024 9.1 SS Gunnar Henderson
91%
2023 6.2 SS Gunnar Henderson
91%
2018 3.6 3B Manny Machado
86%
2016 7.3 3B Manny Machado
86%
2015 7.5 3B Manny Machado
86%
1971 6.0 3B Brooks Robinson
81%
2022 5.4 C Adley Rutschman
79%
2021 5.9 CF Cedric Mullins
78%
1987 3.9 1B Eddie Murray
78%
1985 5.6 1B Eddie Murray
78%
1981 3.8 1B Eddie Murray
78%
1977 7.3 SP Jim Palmer
76%
1975 8.4 SP Jim Palmer
76%
1972 6.1 SP Jim Palmer
76%
1970 6.4 SP Jim Palmer
76%
2000 5.9 SP Mike Mussina
69%
1997 5.5 SP Mike Mussina
69%
1995 6.1 SP Mike Mussina
69%
1994 5.4 SP Mike Mussina
69%
1992 8.2 SP Mike Mussina
69%
2012 4.1 C Matt Wieters
67%
2011 5.2 C Matt Wieters
67%
2020 1.6 RF Anthony Santander
66%
1999 5.9 CF Brady Anderson
57%
1996 6.9 CF Brady Anderson
57%
2008 7.4 RF Nick Markakis
57%
2019 4.5 SP John Means
53%
2005 7.3 2B Brian Roberts
52%
2017 6.5 2B Johnathan Schoop
52%
2006 4.5 SS Miguel Tejada
47%
2004 7.4 SS Miguel Tejada
47%
1998 6.3 1B Rafael Palmeiro
43%
1976 6.5 SS Mark Belanger
36%
1993 6.8 C Chris Hoiles
34%
1979 5.3 RF Ken Singleton
31%
1974 7.3 2B Bobby Grich
29%
1973 8.3 2B Bobby Grich
29%
2003 4.7 LF Melvin Mora
28%
2002 4.7 LF Melvin Mora
28%
2014 5.8 1B Steve Pearce
26%
1980 6.1 CF Al Bumbry
24%
1978 6.8 3B Doug DeCinces
24%
2007 5.8 SP Erik Bedard
22%
2010 4.5 SP Jeremy Guthrie
21%
1982 5.2 LF Gary Roenicke
12%
2001 2.9 1B Jeff Conine
10%
2009 3.3 SP Brad Bergesen
7%
No matching quizzes found
Score Distribution
Percent of People with Each Score
Percentile by Number Answered
Your Score History
You have not taken this quiz